000 00546nam a2200205 a 4500
001 17342
003 CO-ViMGA
008 141112s2004 ck r 000 u spa d
020 _a8448020537
040 _aCO-ViMGA
_bspa
_cCO-ViMGA
082 0 4 _aJAKm
100 1 _aJakab, E.A.M.
_924666
245 1 0 _aLa momia que no quería morir
260 _aBarcelona (España),
_cTimun Mas.1997
300 _a86.p.
490 _aElige tu propio escalofrío
650 1 4 _aCUENTOS DE FANTASMAS
_916121
650 1 4 _aCUENTOS DE TERROR
_91077
942 _2ddc
_cBK
999 _c26897
_d26897